Откритията, които промениха света (Запис номер 88281)
[ съкратено ]
| 000 -Лидер | |
|---|---|
| Контролно поле с фиксирана дължина | 02170nam a2200457 c 4500 |
| 003 - Код на организацията, давaща контролен номер | |
| Контролно поле | BLK |
| 005 - Дата и час на последна редакция | |
| Контролно поле | 20241219112924.0 |
| 008 - Елементи от данни с фиксирана дължина | |
| fixed length control field | 180408b bul|||||r ||||||| ||bul|| |
| 010 ## - Наследен системен номер | |
| LC control number | KNG00092943000 |
| 020 ## - Международен стандартен номер на книга ISBN | |
| Международен стандартен номер на книга ISBN | 978-954-655-071-2 |
| -- | издат.: Бард |
| 040 ## - Източник на каталожния запис | |
| Идентификатор на билиотеката - собственик на записа | BLK |
| 041 ## - Код за език | |
| Код за езика на текст/звукозапис или на отделно заглавие | Български |
| Код за езика КДБФ | Български |
| 080 ## - УДК | |
| Текстов определител УДК | История на цивилизацията. История на културата |
| УДК код - определител по УДК | 930.85 |
| УДК определител | (02.062) |
| УДК - код + определител | 930.85(02.062) |
| 080 ## - УДК | |
| Текстов определител УДК | Откривателски пътешествия. Експедиции |
| УДК код - определител по УДК | 910.4 |
| УДК определител | (091)(02.062) |
| УДК - код + определител | 910.4(091)(02.062) |
| 080 ## - УДК | |
| Текстов определител УДК | Наука. Наукознание. Организация на умствения труд |
| УДК код - определител по УДК | 001 |
| УДК определител | (091)(02.062) |
| УДК - код + определител | 001(091)(02.062) |
| 100 1# - Редна дума - Автор | |
| Автор | Касълдън, Родни |
| Авторска отговорност | първи автор |
| R(LIN) | 77524 |
| 139 ## - Редно поле | |
| Редна дума | Касълдън, Родни |
| Авторски знак | Кас - К 45 |
| 245 10 - Сведения за заглавието | |
| Заглавие | Откритията, които промениха света |
| Подзаглавни данни | Повече от 150 големи открития |
| Редно поле (дума) | Родни Касълдън; прев. Антон Даскалов. |
| 257 ## - Страна на издаване | |
| Страна на създаване/издаване | Великобритания |
| 260 ## - Област на издателските данни | |
| -- | София |
| Име на издателя, разпространителя и проч. | Бард |
| Година на издаване | 2009 |
| Печатница | Хасково : Полиграфюг |
| 300 ## - Физическа характеристика | |
| Страници | 480 с. |
| Размери/Мащаб | 21 см |
| 380 ## - Жанр | |
| Жанр | История |
| 500 ## - Общи забележки | |
| Забележка | Ориг. загл. Discoveries That Changed the World / Rodney Castleden. - Офс. изд. |
| 650 #4 - Допълнително описание по предмет – тема | |
| Основно описание – тема или топоним | Култура - история |
| 9 (RLIN) | 248181 |
| 650 #7 - Допълнително описание по предмет – тема | |
| Основно описание – тема или топоним | Географски пътешествия и открития - история |
| Източник на редна или ключова дума | |
| 9 (RLIN) | 151894 |
| 650 #4 - Допълнително описание по предмет – тема | |
| Основно описание – тема или топоним | Изобретения - история |
| 9 (RLIN) | 244564 |
| 650 #4 - Допълнително описание по предмет – тема | |
| Основно описание – тема или топоним | Открития - история |
| 9 (RLIN) | 272522 |
| 653 ## - Ключова дума – ненормативна | |
| Ключова дума | световна история |
| 653 ## - Ключова дума – ненормативна | |
| Ключова дума | открития |
| 653 ## - Ключова дума – ненормативна | |
| Ключова дума | изобретения |
| 653 ## - Ключова дума – ненормативна | |
| Ключова дума | научно-технически прогрес |
| 653 ## - Ключова дума – ненормативна | |
| Ключова дума | географски открития |
| 653 ## - Ключова дума – ненормативна | |
| Ключова дума | научни открития |
| 700 1# - Други автори (авторска отговорност) | |
| Лично име | Даскалов, Антон |
| Автороска отговорност (Описва отношението между автора и произведението) | прев. |
| 9 (RLIN) | 366164 |
| 852 ## - Местоположение | |
| Форматна сигнатура | Цб 246189 |
| 856 4# - Електронен адрес и достъп | |
| Електронен формат | pdf - файл |
| Път до файла /url/ | |
| 856 4# - Електронен адрес и достъп | |
| Електронен формат | pdf - файл |
| Път до файла /url/ | |
| 942 ## - АРТИКУЛИ | |
| Вид на библиотечния материал | Книги |
| Скрит в OPAC | Не |
| Koha issues (borrowed), all copies | 4 |
| 944 ## - СЪЗДАВАНЕ И РЕДАКЦИЯ на ЗАПИСА | |
| Създаване/Редакция | Създаване |
| Дата на регистрацията/редакция | 08.12.2009 |
| Статус, дата на статуса | Геновева Генчева |
| Служител, извършил регистрацията/редакцията | 30560 |
| 944 ## - СЪЗДАВАНЕ И РЕДАКЦИЯ на ЗАПИСА | |
| Създаване/Редакция | Редакция |
| Дата на регистрацията/редакция | 10.01.2017 |
| Статус, дата на статуса | ф / |
| Служител, извършил регистрацията/редакцията | Людмила_Стоянова |
| 999 ## - СИСТЕМНИ КОНТРОЛНИ НОМЕРА | |
| Koha biblionumber | 88281 |
| Koha biblioitemnumber | 88281 |
| Код за отписване | Код за изгубен артикул | Източник на класификационната схема | Код за повреда | Коз за рестрикции | Код за отдаване | Артикулен № | Име на библиотеката - собственик | Име на библиотеката, в която се намира в момента | Статус (Текущо местоположение) | Дата на вписване в системата | Местоположение - отдел | Цена в лева | Инвентарен номер | Систематично азбучна сигнатура | Баркод | Номер на екземпляра | Цена в евро | Служебна бележка | Служебен тип на артикула |
|---|---|---|---|---|---|---|---|---|---|---|---|---|---|---|---|---|---|---|---|
| Не е изгубен | Universal Decimal Classification | Не е повреден | без рестрикции | заемане за дома | 143052 | Регионална библиотека "Любен Каравелов" Русе | Регионална библиотека "Любен Каравелов" Русе | Заемна - подръчен фонд | 2009-12-08 | Заемна - подръчен фонд | 17.99 | 120000740237 | 930/К 45 Р | 120000740237 | 1 | 9.20 | Дост: Pk Вид: Ф N: 59 Дата: 08.12.2009 Дата инв: 07.02.2018 Бележки инв: П2018 | Книги | |
| Не е изгубен | Не е повреден | без рестрикции | ползва се в читалня | 143053 | Регионална библиотека "Любен Каравелов" Русе | Регионална библиотека "Любен Каравелов" Русе | Читалня | 2011-04-08 | Читалня | 17.99 | 120000750460 | Ч 930/К 45 | 120000750460 | 2 | 9.20 | Дост: Pk Вид: Ф N: 127 Дата: 01.04.2011 Дата инв: 28.03.2017 Бележки инв: Ч2017 | Книги | ||
| Не е изгубен | Не е повреден | без рестрикции | ползва се в читалня | 143054 | Регионална библиотека "Любен Каравелов" Русе | Регионална библиотека "Любен Каравелов" Русе | Хранилище | 2012-08-14 | Хранилище | 17.99 | 120000759164 | Цб 246189 | 120000759164 | 3 | 9.20 | Дост: Dp Вид: Д N: 26 Дата: 29.06.2011 | Книги | ||
| Не е изгубен | Universal Decimal Classification | Не е повреден | без рестрикции | заемане за дома | 143055 | Регионална библиотека "Любен Каравелов" Русе | Регионална библиотека "Любен Каравелов" Русе | Заемна - подръчен фонд | 2016-12-29 | Заемна - подръчен фонд | 17.99 | 120000807218 | 930/К 45 Р | 120000807218 | 4 | 9.20 | Дост: DA Вид: Г N: 46 Дата: 29.12.2016 Дата инв: 07.02.2018 Бележки инв: П2018 | Книги |